[Event "Pro-Am 2010"]
[Site "Villa Martelli ARG"]
[Date "2010.10.11"]
[Round "1.1"]
[White "Flores, Diego"]
[Black "Nejanky, Maisa"]
[Result "1-0"]
[WhiteElo "2615"]
[BlackElo "2069"]
[PlyCount "161"]
[EventDate "2010.10.10"]
[EventType "swiss"]
[EventRounds "9"]
[EventCountry "ARG"]
[Source "lmi"]
[SourceDate "2010.10.10"]

1. c4 c5 2. Nc3 Nf6 3. g3 d5 4. cxd5 Nxd5 5. Bg2 Nf6 6. Nf3 Nc6 7. O-O e6 8. b3
Be7 9. Bb2 O-O 10. Rc1 Bd7 11. e3 Rc8 12. Qe2 b6 13. Rfd1 Qe8 14. d4 cxd4 15.
exd4 Nb4 16. Ne5 Nbd5 17. Qa6 Nxc3 18. Bxc3 Rc7 19. Qe2 Bb5 20. Qb2 Nd5 21. Bd2
Rxc1 22. Rxc1 f6 23. Nc4 Qd7 24. Re1 Bd6 25. Qb1 Bc6 26. Be4 f5 27. Bg2 Re8 28.
Qc1 Bb7 29. a4 Rc8 30. Qd1 Bb8 31. Qe2 Re8 32. Ne5 Bxe5 33. Qxe5 Nf6 34. Bxb7
Qxb7 35. Rc1 Nd5 36. h3 Qd7 37. g4 Qf7 38. Re1 Qg6 39. Qg3 fxg4 40. hxg4 Qc2
41. Bc1 Nb4 42. Ba3 Nd5 43. Qf3 Qg6 44. Qg3 Nf6 45. f3 Qd3 46. Bd6 Qxd4+ 47.
Kh1 Qd3 48. b4 Nd5 49. Qf2 Qb3 50. Rc1 Qxa4 51. Qd4 Qa3 52. Rf1 Qb3 53. Kh2 Ne3
54. Rf2 Nd5 55. Kg3 Qc3 56. Qe4 Qe3 57. Qc4 Qc3 58. Qe4 Nf6 59. Qe5 Qxe5+ 60.
Bxe5 Nd5 61. b5 Ra8 62. Ra2 Kf7 63. f4 Kg6 64. Kf3 Nb4 65. Rd2 a5 66. Rd7 Rg8
67. Rd6 Kf7 68. Rxb6 a4 69. Rb7+ Kg6 70. Ra7 Nd3 71. Bd4 e5 72. Ra6+ Kf7 73.
fxe5 Rb8 74. Ke4 Nb4 75. e6+ Ke8 76. Ra5 g6 77. Bc5 Na2 78. Kd4 Nc1 79. Kc4 Ne2
80. b6 Nf4 81. b7 1-0

[Event "Pro-Am 2010"]
[Site "Villa Martelli ARG"]
[Date "2010.10.11"]
[Round "1.2"]
[White "Miranda, Rafael"]
[Black "Alonso, Salvador"]
[Result "0-1"]
[WhiteElo "2055"]
[BlackElo "2482"]
[PlyCount "76"]
[EventDate "2010.10.10"]
[EventType "swiss"]
[EventRounds "9"]
[EventCountry "ARG"]
[Source "lmi"]
[SourceDate "2010.10.10"]

1. e4 c5 2. Nf3 Nc6 3. Bb5 e6 4. c3 Nge7 5. O-O a6 6. Ba4 c4 7. d4 cxd3 8. Qxd3
b5 9. Bc2 Ng6 10. Nbd2 Qc7 11. a4 Rb8 12. axb5 axb5 13. Nd4 Nxd4 14. Qxd4 e5
15. Qe3 Be7 16. Bb3 O-O 17. Nf3 Bc5 18. Qd3 d6 19. Ng5 h6 20. Nf3 b4 21. cxb4
Rxb4 22. Bd2 Nf4 23. Qc2 Rb8 24. Be3 Qb6 25. Bxc5 dxc5 26. Bc4 Qf6 27. Qc3 Be6
28. Kh1 Qg6 29. Rg1 Qxe4 30. Bxe6 fxe6 31. Rge1 Qg6 32. g3 Nh3 33. Rxe5 Nxf2+
34. Kg2 Nd3 35. Re3 Nf4+ 36. Kh1 Nd5 37. Qd3 Qh5 38. g4 Qh3 0-1

[Event "Pro-Am 2010"]
[Site "Villa Martelli ARG"]
[Date "2010.10.11"]
[Round "1.3"]
[White "Slipak, Sergio"]
[Black "Lo Presti, Roberto"]
[Result "1-0"]
[WhiteElo "2446"]
[BlackElo "2048"]
[PlyCount "81"]
[EventDate "2010.10.10"]
[EventType "swiss"]
[EventRounds "9"]
[EventCountry "ARG"]
[Source "lmi"]
[SourceDate "2010.10.10"]

1. d4 d5 2. Nf3 Nf6 3. e3 e6 4. c4 dxc4 5. Nc3 a6 6. a4 b6 7. Bxc4 Bb7 8. O-O
c5 9. Qe2 Nc6 10. Rd1 cxd4 11. exd4 Nb4 12. Bg5 Nbd5 13. Nxd5 Bxd5 14. Bxa6 Bd6
15. Bb5+ Kf8 16. Ne5 h6 17. Bh4 g5 18. Bg3 Ra7 19. Nc6 Bxc6 20. Bxc6 Rc7 21.
Bf3 Bxg3 22. hxg3 Kg7 23. b4 Qd6 24. a5 bxa5 25. bxa5 Nd5 26. Qe5+ Qxe5 27.
dxe5 Rd8 28. a6 Ra7 29. Ra5 Rda8 30. Rda1 Rd8 31. Bxd5 exd5 32. f4 Kg6 33. Kf2
Kf5 34. Kf3 h5 35. Rh1 Kg6 36. Rb1 g4+ 37. Ke3 d4+ 38. Kd3 h4 39. Rb6+ Kg7 40.
gxh4 g3 41. Rb7 1-0

[Event "Pro-Am 2010"]
[Site "Villa Martelli ARG"]
[Date "2010.10.11"]
[Round "1.4"]
[White "Torella, Rodolfo"]
[Black "Diaz Hollemaert, Nahuel"]
[Result "1/2-1/2"]
[WhiteElo "2030"]
[BlackElo "2443"]
[PlyCount "113"]
[EventDate "2010.10.10"]
[EventType "swiss"]
[EventRounds "9"]
[EventCountry "ARG"]
[Source "lmi"]
[SourceDate "2010.10.10"]

1. e4 g6 2. d4 d6 3. c4 Nd7 4. Nf3 e5 5. g3 Bg7 6. Bg2 Ngf6 7. Nc3 O-O 8. O-O
c6 9. b3 exd4 10. Nxd4 Re8 11. Bb2 Qb6 12. h3 Nc5 13. Re1 Nfd7 14. Qd2 Ne5 15.
Re3 a5 16. Kh2 a4 17. Nce2 Ncd3 18. Rxd3 Nxd3 19. Qxd3 c5 20. Nc3 a3 21. Bxa3
Rxa3 22. Ndb5 Ra6 23. Rd1 Rf8 24. Na4 Qa5 25. f4 h5 26. h4 Bd7 27. Rd2 Bc6 28.
Nxd6 Bxa4 29. bxa4 Qxa4 30. e5 Qb4 31. Bd5 Ra3 32. Qe2 Qc3 33. Ne4 Qe3 34. Qxe3
Rxe3 35. Nxc5 b6 36. Nd7 Rc8 37. Nxb6 Rc7 38. Rb2 Bf8 39. Na8 Ra7 40. Nb6 Rea3
41. e6 fxe6 42. Bxe6+ Kg7 43. Nd7 Rxa2 44. Rxa2 Rxa2+ 45. Kh3 Be7 46. Ne5 Re2
47. Bd5 Bd6 48. Nf3 Kf6 49. Nd4 Rb2 50. Nf3 Bc5 51. Ng5 Bg1 52. Nf3 Be3 53. Ng5
Rc2 54. Ne4+ Kf5 55. Nd6+ Kf6 56. Ne4+ Kg7 57. Ng5 1/2-1/2

[Event "Pro-Am 2010"]
[Site "Villa Martelli ARG"]
[Date "2010.10.11"]
[Round "1.5"]
[White "Dos Santos, Ramiro"]
[Black "De Cesare, Ricardo"]
[Result "1-0"]
[WhiteElo "2438"]
[BlackElo "2024"]
[PlyCount "75"]
[EventDate "2010.10.10"]
[EventType "swiss"]
[EventRounds "9"]
[EventCountry "ARG"]
[Source "lmi"]
[SourceDate "2010.10.10"]

1. e4 e5 2. Nf3 Nc6 3. Bb5 a6 4. Ba4 Nf6 5. O-O Be7 6. Re1 b5 7. Bb3 d6 8. c3
O-O 9. h3 Bb7 10. d4 Nb8 11. Nbd2 Nbd7 12. Bc2 Re8 13. Nf1 Bf8 14. Ng3 exd4 15.
cxd4 g6 16. b3 Bg7 17. Bb2 c5 18. e5 dxe5 19. dxe5 Nd5 20. Be4 N7b6 21. Nh2 Qc7
22. Ng4 Rad8 23. Qf3 Ba8 24. Nf5 gxf5 25. Qxf5 Re6 26. Qxh7+ Kf8 27. Nf6 Ne7
28. Nh5 Bxe5 29. Bxe5 Qxe5 30. Bxa8 Qc3 31. Rec1 Qe5 32. Bf3 Rg6 33. Re1 Qg5
34. Rad1 Rxd1 35. Rxd1 Ned5 36. h4 Qe5 37. Ng3 Ne3 38. Re1 1-0

[Event "Pro-Am 2010"]
[Site "Villa Martelli ARG"]
[Date "2010.10.11"]
[Round "1.6"]
[White "Acosta, Pablo Ismael"]
[Black "Real De Azua, Ernesto"]
[Result "0-1"]
[WhiteElo "2023"]
[BlackElo "2432"]
[PlyCount "120"]
[EventDate "2010.10.10"]
[EventType "swiss"]
[EventRounds "9"]
[EventCountry "ARG"]
[Source "lmi"]
[SourceDate "2010.10.10"]

1. d4 Nf6 2. c4 e6 3. Nc3 Bb4 4. Nf3 c5 5. e3 b6 6. Be2 Bb7 7. O-O O-O 8. Bd2
cxd4 9. exd4 d5 10. a3 Bxc3 11. Bxc3 dxc4 12. Bxc4 Nc6 13. Ne5 Rc8 14. Be2 Nd5
15. Nxc6 Bxc6 16. Qd2 Qf6 17. f4 Bb7 18. Bd3 Rfd8 19. Rae1 g6 20. Re5 Qg7 21.
h4 Qf8 22. h5 Nxc3 23. bxc3 Qxa3 24. hxg6 hxg6 25. Bxg6 Qxc3 26. Qe2 fxg6 27.
Rxe6 Qxd4+ 28. Kh2 Qh8+ 29. Kg1 Qh5 30. Qxh5 gxh5 31. Re7 Bd5 32. Rxa7 Rc2 33.
Rf2 Rdc8 34. g3 Rc1+ 35. Rf1 Rxf1+ 36. Kxf1 Rc2 37. Rd7 Bc4+ 38. Kg1 b5 39. Rb7
Rg2+ 40. Kxg2 Bd5+ 41. Kf2 Bxb7 42. Ke3 b4 43. Kd4 b3 44. Kc3 Bd5 45. Kb2 Kf7
46. Kc3 Kf6 47. Kb2 Kf5 48. Kc1 Kg4 49. Kb2 Kxg3 50. f5 h4 51. f6 Bf7 52. Kc1
h3 53. Kb2 h2 54. Ka3 h1=Q 55. Kb2 Qf3 56. Ka3 Qc3 57. Ka4 Be8+ 58. Ka3 b2+ 59.
Ka2 Bf7+ 60. Kb1 Qc1# 0-1

[Event "Pro-Am 2010"]
[Site "Villa Martelli ARG"]
[Date "2010.10.11"]
[Round "1.7"]
[White "Dolezal, Cristian"]
[Black "Driz, Ivan"]
[Result "1-0"]
[WhiteElo "2413"]
[BlackElo "1999"]
[PlyCount "105"]
[EventDate "2010.10.10"]
[EventType "swiss"]
[EventRounds "9"]
[EventCountry "ARG"]
[Source "lmi"]
[SourceDate "2010.10.10"]

1. e4 c5 2. Nf3 e6 3. c3 d5 4. e5 Nc6 5. d4 Qb6 6. a3 c4 7. h4 Bd7 8. h5 Nge7
9. Qc2 Na5 10. Nbd2 Bb5 11. Be2 h6 12. Rb1 Qc6 13. Bd1 O-O-O 14. Nf1 Kb8 15.
Bf4 Nc8 16. Ne3 Nb6 17. Qe2 Nb3 18. O-O Na4 19. Nc2 a5 20. Bg3 Ba6 21. Bh4 Rd7
22. Qe3 b5 23. Be2 Rb7 24. Nd2 Nxd2 25. Qxd2 b4 26. axb4 axb4 27. Rfc1 b3 28.
Ne3 Be7 29. Bxe7 Rxe7 30. f4 Bc8 31. Ra1 Ra7 32. Ra3 Nb6 33. Rxa7 Kxa7 34. Ra1+
Na4 35. f5 Bd7 36. f6 g5 37. hxg6 fxg6 38. Ng4 h5 39. Nh6 Rf8 40. f7 Kb7 41.
Qg5 Nxb2 42. Qe7 Rc8 43. f8=Q Rxf8 44. Qxf8 Na4 45. Nf7 b2 46. Rb1 Qb6 47. Qa3
Qb3 48. Qxb3+ cxb3 49. Bd3 Kb6 50. Nd6 g5 51. Kf1 Nxc3 52. Rxb2 Ba4 53. Bc2 1-0

[Event "Pro-Am 2010"]
[Site "Villa Martelli ARG"]
[Date "2010.10.11"]
[Round "1.8"]
[White "Quinzio, Martin"]
[Black "Saldano Dayer, Horacio"]
[Result "0-1"]
[WhiteElo "1997"]
[BlackElo "2406"]
[PlyCount "72"]
[EventDate "2010.10.10"]
[EventType "swiss"]
[EventRounds "9"]
[EventCountry "ARG"]
[Source "lmi"]
[SourceDate "2010.10.10"]

1. d4 Nf6 2. Nf3 g6 3. Bf4 Bg7 4. e3 d6 5. h3 O-O 6. Be2 b6 7. Nbd2 Bb7 8. c3
Nbd7 9. Qc2 Qe8 10. e4 e5 11. dxe5 dxe5 12. Be3 Qe7 13. b4 Nh5 14. O-O Nf4 15.
Bxf4 exf4 16. Rfe1 a5 17. Rab1 Qf6 18. Rb3 Ne5 19. Nxe5 Qxe5 20. b5 a4 21. Ra3
Qc5 22. Nb1 Rfe8 23. Bd3 f3 24. Rxa4 Rxa4 25. Qxa4 Qg5 26. g3 Be5 27. Qd1 Bxg3
28. Qxf3 Bd6+ 29. Kf1 Re6 30. Qg4 Qe5 31. Re3 Rf6 32. Rf3 h5 33. Qg2 Bxe4 34.
Bxe4 Qxe4 35. Rxf6 Qxb1+ 36. Ke2 Qc2+ 0-1

[Event "Pro-Am 2010"]
[Site "Villa Martelli ARG"]
[Date "2010.10.11"]
[Round "1.9"]
[White "Orsini, Antonio"]
[Black "Chanduvi, Fidel"]
[Result "1-0"]
[WhiteElo "2390"]
[BlackElo "1970"]
[PlyCount "45"]
[EventDate "2010.10.10"]
[EventType "swiss"]
[EventRounds "9"]
[EventCountry "ARG"]
[Source "lmi"]
[SourceDate "2010.10.10"]

1. Nf3 Nf6 2. d4 e6 3. g3 Be7 4. Bg2 O-O 5. c4 c5 6. d5 d6 7. Nc3 e5 8. O-O Na6
9. a3 Bd7 10. Nxe5 dxe5 11. d6 Bc6 12. dxe7 Qxe7 13. Bxc6 bxc6 14. Qa4 Qb7 15.
Bg5 Nd7 16. Ne4 Nb6 17. Qc2 f6 18. Be3 Qe7 19. b4 cxb4 20. axb4 Nxb4 21. Qb3
Nd7 22. Bc5 Nxc5 23. Qxb4 1-0

[Event "Pro-Am 2010"]
[Site "Villa Martelli ARG"]
[Date "2010.10.11"]
[Round "1.10"]
[White "Caceres Recalde, Fernando"]
[Black "Julia, Ernesto"]
[Result "1/2-1/2"]
[WhiteElo "1959"]
[BlackElo "2388"]
[PlyCount "113"]
[EventDate "2010.10.10"]
[EventType "swiss"]
[EventRounds "9"]
[EventCountry "ARG"]
[Source "lmi"]
[SourceDate "2010.10.10"]

1. e4 c5 2. Nf3 e6 3. d4 cxd4 4. Nxd4 Nc6 5. Nc3 a6 6. Nxc6 bxc6 7. Bd3 d5 8.
O-O Nf6 9. Qe2 Be7 10. b3 a5 11. Bb2 O-O 12. Rfe1 Re8 13. e5 Nd7 14. Na4 Bf8
15. Rad1 Nb6 16. Nxb6 Qxb6 17. h4 a4 18. Qh5 g6 19. Qg4 Ba6 20. h5 Bxd3 21.
Rxd3 Qb4 22. Qe2 axb3 23. axb3 Ra2 24. Bc3 Qb5 25. hxg6 hxg6 26. Bd4 Bg7 27.
Rh3 Qxe2 28. Rxe2 Bf8 29. Rc3 Rc8 30. Bc5 Ra5 31. Bxf8 Kxf8 32. f4 c5 33. g4
Ke7 34. Rf3 Rg8 35. Kf2 Rb5 36. Re1 Ra8 37. f5 gxf5 38. gxf5 Ra2 39. Re2 Rb8
40. fxe6 fxe6 41. Ke3 Ra1 42. Kd2 Rg1 43. Rh2 Rg7 44. Rf6 Kd7 45. Rhh6 Re7 46.
Rh4 Kc6 47. Rhh6 Rbe8 48. Kd3 Kb5 49. Kc3 Kc6 50. Kd3 Kd7 51. Rh4 Ra8 52. Rg4
Kc6 53. Rgg6 Rae8 54. Rh6 Kb5 55. Kc3 Ka5 56. Rhg6 Kb5 57. Rh6 1/2-1/2

[Event "Pro-Am 2010"]
[Site "Villa Martelli ARG"]
[Date "2010.10.11"]
[Round "1.11"]
[White "Mela, Benjamin"]
[Black "Chiari, Arthur Gontijo"]
[Result "1-0"]
[WhiteElo "2335"]
[BlackElo "1929"]
[PlyCount "63"]
[EventDate "2010.10.10"]
[EventType "swiss"]
[EventRounds "9"]
[EventCountry "ARG"]
[Source "lmi"]
[SourceDate "2010.10.10"]

1. e4 c5 2. Nf3 e6 3. d4 cxd4 4. Nxd4 a6 5. Bd3 Bc5 6. Nb3 Be7 7. O-O d6 8. f4
Nd7 9. a4 Ngf6 10. a5 b5 11. axb6 Qxb6+ 12. Kh1 Bb7 13. Qe2 a5 14. Nc3 h5 15.
Be3 Qc7 16. Ra4 Ng4 17. Bd4 Bf6 18. Nb5 Qb8 19. Nxa5 Bxd4 20. Nxd6+ Qxd6 21.
Nxb7 Qb8 22. Nd6+ Qxd6 23. Rxa8+ Nb8 24. h3 Be3 25. g3 e5 26. Kg2 exf4 27. hxg4
h4 28. gxf4 h3+ 29. Kh1 Bxf4 30. Bb5+ Kf8 31. Qd3 Qc7 32. Rxf4 1-0

[Event "Pro-Am 2010"]
[Site "Villa Martelli ARG"]
[Date "2010.10.11"]
[Round "1.12"]
[White "Ligato, Guillermo Fernando"]
[Black "Bitelmajer, Martin"]
[Result "0-1"]
[WhiteElo "1917"]
[BlackElo "2312"]
[PlyCount "74"]
[EventDate "2010.10.10"]
[EventType "swiss"]
[EventRounds "9"]
[EventCountry "ARG"]
[Source "lmi"]
[SourceDate "2010.10.10"]

1. e4 e5 2. Bc4 Bc5 3. b4 Bxb4 4. Nf3 Nc6 5. c3 Be7 6. d4 Na5 7. Bd3 exd4 8.
O-O dxc3 9. Nxc3 d6 10. Bb2 Nf6 11. e5 dxe5 12. Qa4+ Nc6 13. Nxe5 O-O 14. Nxc6
bxc6 15. Rad1 Bd6 16. Qh4 h6 17. Ne4 Nd5 18. Qh5 Nf4 19. Qf3 Nxd3 20. Qxd3 Bf5
21. Qc3 f6 22. Nxd6 cxd6 23. Qxc6 Qc8 24. Rxd6 Rb8 25. Qd5+ Kh8 26. Bd4 Bd3 27.
Re1 Bc4 28. Qa5 a6 29. h3 Rb5 30. Qc3 Rg5 31. Bxf6 gxf6 32. Rxf6 Rxg2+ 33. Kh1
Rxf6 34. Qxf6+ Rg7 35. Qxh6+ Kg8 36. Qe3 Bd5+ 37. Kh2 Rg2+ 0-1

[Event "Pro-Am 2010"]
[Site "Villa Martelli ARG"]
[Date "2010.10.11"]
[Round "1.13"]
[White "Pina Gomez, Ulises"]
[Black "Rozenblatt, Daniel"]
[Result "1-0"]
[WhiteElo "2302"]
[BlackElo "1887"]
[PlyCount "73"]
[EventDate "2010.10.10"]
[EventType "swiss"]
[EventRounds "9"]
[EventCountry "ARG"]
[Source "lmi"]
[SourceDate "2010.10.10"]

1. e4 e6 2. Nc3 d5 3. Nf3 c5 4. exd5 exd5 5. Bb5+ Bd7 6. Qe2+ Be7 7. Nxd5 Nc6
8. O-O a6 9. Bxc6 Bxc6 10. Nxe7 Qxe7 11. Re1 Qxe2 12. Rxe2+ Ne7 13. b3 Bxf3 14.
gxf3 Kd7 15. Ba3 b6 16. d4 Nf5 17. dxc5 b5 18. Re5 g6 19. Bb2 Rhd8 20. Bc3 Kc6
21. Ba5 Rd7 22. Kg2 h5 23. Rc1 Re7 24. Rxe7 Nxe7 25. c4 Nf5 26. cxb5+ axb5 27.
b4 Ra7 28. Rd1 Rd7 29. Rxd7 Kxd7 30. f4 Nd4 31. Kg3 Ke6 32. f3 Nc6 33. Kf2 Kd5
34. f5 Nxa5 35. bxa5 Kxc5 36. fxg6 fxg6 37. Ke3 1-0

[Event "Pro-Am 2010"]
[Site "Villa Martelli ARG"]
[Date "2010.10.11"]
[Round "1.14"]
[White "Micele, Omar"]
[Black "Zamorano, Jorge Adrian"]
[Result "0-1"]
[WhiteElo "1884"]
[BlackElo "2271"]
[PlyCount "84"]
[EventDate "2010.10.10"]
[EventType "swiss"]
[EventRounds "9"]
[EventCountry "ARG"]
[Source "lmi"]
[SourceDate "2010.10.10"]

1. d4 Nf6 2. c4 c5 3. d5 e5 4. Nc3 d6 5. e4 Be7 6. Be2 O-O 7. Nf3 Ne8 8. O-O
Nd7 9. Be3 g6 10. Nd2 Bg5 11. Bxg5 Qxg5 12. Nf3 Qe7 13. Qd2 f5 14. exf5 gxf5
15. Qg5+ Qg7 16. Qxg7+ Kxg7 17. Rad1 Ndf6 18. Nd2 Bd7 19. f3 Rg8 20. Bd3 Kf7
21. Rfe1 h5 22. h4 Nh7 23. Nf1 Nf8 24. Ne3 Kf6 25. Kf2 Ng6 26. Rh1 Ne7 27. Nf1
Kf7 28. Ng3 Nf6 29. Bc2 a6 30. Na4 Bxa4 31. Bxa4 f4 32. Ne2 b5 33. Bb3 Nf5 34.
cxb5 axb5 35. Nc3 c4 36. Bc2 Ne3 37. Bb1 Rxg2+ 38. Ke1 Nxd1 39. Nxd1 Rag8 40.
Bf5 Nxd5 41. Nf2 Ne3 42. a3 Nxf5 0-1

[Event "Pro-Am 2010"]
[Site "Villa Martelli ARG"]
[Date "2010.10.11"]
[Round "1.15"]
[White "Languidey, Simon Alejandro"]
[Black "Martin, Luis Jacinto"]
[Result "1-0"]
[WhiteElo "2257"]
[BlackElo "1860"]
[PlyCount "65"]
[EventDate "2010.10.10"]
[EventType "swiss"]
[EventRounds "9"]
[EventCountry "ARG"]
[Source "lmi"]
[SourceDate "2010.10.10"]

1. e4 e6 2. d4 d5 3. Nc3 Bb4 4. e5 c5 5. a3 Bxc3+ 6. bxc3 Ne7 7. Nf3 Nbc6 8.
Bd3 O-O 9. Bxh7+ Kxh7 10. Ng5+ Kg8 11. Qh5 Re8 12. Qxf7+ Kh8 13. Qh5+ Kg8 14.
Qh7+ Kf8 15. Qh8+ Ng8 16. Qh5 Qc7 17. a4 b6 18. O-O Rb8 19. Re1 Rb7 20. Re3 g6
21. Rf3+ Ke7 22. Qxg6 Kd8 23. Nf7+ Kd7 24. Nd6 Rd8 25. Rf7+ Nce7 26. Bg5 Kc6
27. Nxb7 Kxb7 28. Qh7 Re8 29. h4 Kb8 30. h5 cxd4 31. cxd4 Qc3 32. Rb1 Nc6 33.
Rc7 1-0

[Event "Pro-Am 2010"]
[Site "Villa Martelli ARG"]
[Date "2010.10.11"]
[Round "1.16"]
[White "Mirada, Luciano"]
[Black "Wisniacki, Flavio"]
[Result "0-1"]
[WhiteElo "1855"]
[BlackElo "2257"]
[PlyCount "78"]
[EventDate "2010.10.10"]
[EventType "swiss"]
[EventRounds "9"]
[EventCountry "ARG"]
[Source "lmi"]
[SourceDate "2010.10.10"]

1. e4 c5 2. Nf3 e6 3. d4 cxd4 4. Nxd4 a6 5. Bd3 Nc6 6. Nxc6 dxc6 7. O-O e5 8.
f4 Nf6 9. Kh1 Bc5 10. f5 Qd6 11. a4 h5 12. Na3 Ng4 13. Qe2 Qd4 14. h3 Qxa4 15.
Bd2 Qd4 16. Bc3 Qe3 17. Qxe3 Nxe3 18. Rf3 f6 19. b4 Ba7 20. Re1 Ng4 21. Nc4 Ke7
22. Na5 Bb6 23. Nc4 Bc7 24. Rff1 b5 25. Ne3 Nxe3 26. Rxe3 h4 27. Ra1 Bb7 28. g3
Bb6 29. Rf3 c5 30. bxc5 Bxc5 31. gxh4 Rxh4 32. Re1 b4 33. Bd2 a5 34. Be3 Kd6
35. Bxc5+ Kxc5 36. Rg3 Ra7 37. Kh2 Bc6 38. Rg4 Rxg4 39. hxg4 a4 0-1

[Event "Pro-Am 2010"]
[Site "Villa Martelli ARG"]
[Date "2010.10.11"]
[Round "1.17"]
[White "Ibar, Marcelo"]
[Black "Ariganello, Sebastian"]
[Result "1/2-1/2"]
[WhiteElo "2217"]
[BlackElo "1840"]
[PlyCount "53"]
[EventDate "2010.10.10"]
[EventType "swiss"]
[EventRounds "9"]
[EventCountry "ARG"]
[Source "lmi"]
[SourceDate "2010.10.10"]

1. Nf3 Nf6 2. g3 g6 3. Bg2 Bg7 4. d4 O-O 5. O-O d6 6. c4 Nc6 7. Nc3 a6 8. d5
Na5 9. Nd2 c5 10. a3 Nd7 11. Qc2 Ne5 12. b3 Qc7 13. Bb2 Rb8 14. h3 b5 15. f4
Nd7 16. Rab1 bxc4 17. bxc4 Nb6 18. Nce4 Bxb2 19. Rxb2 Bd7 20. Rfb1 Na4 21. Rxb8
Rxb8 22. e3 Rxb1+ 23. Qxb1 Qb6 24. Qxb6 Nxb6 25. Bf1 Bf5 26. Nc3 Bc2 27. Kf2
1/2-1/2

[Event "Pro-Am 2010"]
[Site "Villa Martelli ARG"]
[Date "2010.10.11"]
[Round "1.18"]
[White "Lopez, Jose Luis"]
[Black "Tokman, Ariel"]
[Result "0-1"]
[WhiteElo "1807"]
[BlackElo "2202"]
[PlyCount "98"]
[EventDate "2010.10.10"]
[EventType "swiss"]
[EventRounds "9"]
[EventCountry "ARG"]
[Source "lmi"]
[SourceDate "2010.10.10"]

1. e4 c5 2. Nf3 e6 3. c3 Nf6 4. e5 Nd5 5. d4 cxd4 6. cxd4 d6 7. Bc4 Nb6 8. Bb3
Nc6 9. O-O Bd7 10. Bf4 d5 11. Nc3 Na5 12. Bg5 Be7 13. Bxe7 Qxe7 14. Qe2 Nxb3
15. axb3 Qb4 16. Ra3 a6 17. Rc1 Rc8 18. Qd2 O-O 19. Ne1 f6 20. Nc2 Qe7 21. f4
Be8 22. Raa1 Bg6 23. Ne3 fxe5 24. fxe5 Qb4 25. Ne4 Qxd2 26. Nxd2 Bh5 27. b4 Be2
28. Nb3 Rxc1+ 29. Rxc1 Rf4 30. Nc5 Kf7 31. Rc2 Bb5 32. Rf2 Rxf2 33. Kxf2 Bc6
34. b3 Na8 35. g3 Nc7 36. Nc2 Ke7 37. Ke3 Nb5 38. Kd3 Nc7 39. Ke3 Kd8 40. Na3
Kc8 41. Kd3 b6 42. Na4 Kb7 43. Nc3 Be8 44. Ne2 Nb5 45. Nxb5 Bxb5+ 46. Kd2 Bxe2
47. Kxe2 Kc6 48. Kd3 Kb5 49. Kc3 g6 0-1

[Event "Pro-Am 2010"]
[Site "Villa Martelli ARG"]
[Date "2010.10.11"]
[Round "1.19"]
[White "Zuriel, Marisa"]
[Black "Amato, Leonel"]
[Result "1-0"]
[WhiteElo "2193"]
[BlackElo "1791"]
[PlyCount "53"]
[EventDate "2010.10.10"]
[EventType "swiss"]
[EventRounds "9"]
[EventCountry "ARG"]
[Source "lmi"]
[SourceDate "2010.10.10"]

1. e4 c5 2. Nf3 d6 3. d4 cxd4 4. Nxd4 Nf6 5. Nc3 g6 6. Be3 Bg7 7. Be2 O-O 8. f4
Bd7 9. g4 Nc6 10. Nb3 Qc8 11. g5 Ne8 12. h4 f5 13. gxf6 Nxf6 14. Rg1 Be6 15.
Bf3 Qd7 16. Qe2 a6 17. O-O-O Qe8 18. Rg2 Qf7 19. Rdg1 Kh8 20. h5 Nxh5 21. Bxh5
Bxc3 22. Bxg6 Bxb2+ 23. Kxb2 hxg6 24. Rxg6 Qh7 25. Rxe6 Rf6 26. Rxf6 exf6 27.
Qf3 1-0

[Event "Pro-Am 2010"]
[Site "Villa Martelli ARG"]
[Date "2010.10.11"]
[Round "1.21"]
[White "Pineiro, Dario"]
[Black "Mendez, Nicolas"]
[Result "1-0"]
[WhiteElo "2162"]
[BlackElo "1684"]
[PlyCount "57"]
[EventDate "2010.10.10"]
[EventType "swiss"]
[EventRounds "9"]
[EventCountry "ARG"]
[Source "lmi"]
[SourceDate "2010.10.10"]

1. e4 e6 2. d4 d5 3. Nc3 Nf6 4. e5 Nfd7 5. f4 c5 6. Nf3 a6 7. Be3 Nc6 8. Qd2 b5
9. Qf2 b4 10. Ne2 c4 11. g3 Bb7 12. Bh3 g6 13. O-O Qe7 14. Kh1 Bg7 15. Bg2 O-O
16. g4 f5 17. gxf5 gxf5 18. Ng5 h6 19. Nf3 Kh7 20. Nh4 Bh8 21. Bf3 Nb6 22. Bh5
Rg8 23. Rg1 Rg7 24. Bg6+ Kg8 25. Bxf5 exf5 26. Nxf5 Qd7 27. Nxg7 Bxg7 28. f5
Nxe5 29. Bxh6 1-0

[Event "Pro-Am 2010"]
[Site "Villa Martelli ARG"]
[Date "2010.10.11"]
[Round "1.22"]
[White "Caceres Recalde, Gonzalo"]
[Black "Pichot, Alan"]
[Result "0-1"]
[WhiteElo "1677"]
[BlackElo "2160"]
[PlyCount "62"]
[EventDate "2010.10.10"]
[EventType "swiss"]
[EventRounds "9"]
[EventCountry "ARG"]
[Source "lmi"]
[SourceDate "2010.10.10"]

1. Nf3 Nf6 2. g3 g6 3. Bg2 Bg7 4. Nc3 d6 5. e4 c5 6. O-O O-O 7. d3 Nc6 8. Bf4
e5 9. Be3 Rb8 10. a3 Nd4 11. Bxd4 cxd4 12. Nd5 Nxd5 13. exd5 f5 14. h3 g5 15.
Qd2 f4 16. g4 h5 17. Nh2 hxg4 18. hxg4 f3 19. Bxf3 Rf4 20. Qe2 e4 21. dxe4 Be5
22. Bg2 Kg7 23. f3 Qf6 24. Rf2 Qh6 25. Bf1 Bd7 26. Qd2 Rh8 27. Re1 Qh4 28. Ree2
Rf6 29. b3 Bb5 30. Re1 Bf4 31. Qd1 Bxh2+ 0-1

[Event "Pro-Am 2010"]
[Site "Villa Martelli ARG"]
[Date "2010.10.11"]
[Round "1.23"]
[White "Bibiloni, Jorge Jaime"]
[Black "Medone, Raul"]
[Result "1-0"]
[WhiteElo "2152"]
[BlackElo "1667"]
[PlyCount "61"]
[EventDate "2010.10.10"]
[EventType "swiss"]
[EventRounds "9"]
[EventCountry "ARG"]
[Source "lmi"]
[SourceDate "2010.10.10"]

1. d4 Nf6 2. Nc3 d5 3. Nf3 Bg4 4. h3 Bh5 5. g4 Bg6 6. Ne5 e6 7. h4 h6 8. Nxg6
fxg6 9. e3 Nc6 10. Bd3 Kf7 11. Bd2 Qd7 12. f4 Bd6 13. Qf3 Nb4 14. g5 Nxd3+ 15.
cxd3 Ne8 16. h5 gxh5 17. Rxh5 c6 18. O-O-O Nc7 19. Rdh1 Bf8 20. R5h3 Nb5 21.
Nd1 c5 22. dxc5 Bxc5 23. gxh6 Rac8 24. Kb1 Qc7 25. hxg7 Bb4 26. gxh8=N+ Ke8 27.
Qh5+ Kd8 28. Nf7+ Kd7 29. Ne5+ Kd8 30. Qh8+ Ke7 31. Rh7+ 1-0

[Event "Pro-Am 2010"]
[Site "Villa Martelli ARG"]
[Date "2010.10.11"]
[Round "1.24"]
[White "Cavadini, Rodolfo"]
[Black "Garcia Campitelli, Gonzalo"]
[Result "0-1"]
[WhiteElo "1647"]
[BlackElo "2125"]
[PlyCount "92"]
[EventDate "2010.10.10"]
[EventType "swiss"]
[EventRounds "9"]
[EventCountry "ARG"]
[Source "lmi"]
[SourceDate "2010.10.10"]

1. c4 Nf6 2. g3 e6 3. Bg2 d5 4. cxd5 exd5 5. d4 c6 6. Nc3 Bf5 7. Nf3 Bd6 8. Nh4
Qd7 9. Nxf5 Qxf5 10. e3 Nbd7 11. Qf3 Qxf3 12. Bxf3 O-O 13. Bd2 Rfe8 14. O-O Ne4
15. Bxe4 dxe4 16. Rfd1 Nb6 17. b3 Nd5 18. Na4 Re7 19. Rdc1 f5 20. Rab1 g5 21.
b4 a6 22. Rc2 h5 23. a3 h4 24. Nc3 hxg3 25. hxg3 Nxc3 26. Rxc3 Rc7 27. Rbc1
Rac8 28. Kg2 g4 29. Rc4 b6 30. Bc3 b5 31. Rc5 Bxc5 32. bxc5 Rd7 33. Rh1 Rh7 34.
Rd1 Rd8 35. Ba5 Rd5 36. Rb1 Kf7 37. a4 Ke6 38. axb5 axb5 39. Bb6 Rdd7 40. Ra1
Rh8 41. Ra6 Kd5 42. Kf1 Rh1+ 43. Ke2 Rb1 44. Ra8 Rh7 45. Ra2 Rhh1 46. Ba5 Ra1
0-1

[Event "Pro-Am 2010"]
[Site "Villa Martelli ARG"]
[Date "2010.10.11"]
[Round "1.25"]
[White "Cavadini, Ignacio"]
[Black "Pravettoni, Ezequiel"]
[Result "1-0"]
[WhiteElo "2111"]
[BlackElo "1499"]
[PlyCount "53"]
[EventDate "2010.10.10"]
[EventType "swiss"]
[EventRounds "9"]
[EventCountry "ARG"]
[Source "lmi"]
[SourceDate "2010.10.10"]

1. Na3 e5 2. c3 c5 3. g3 Nc6 4. Bg2 d5 5. Nh3 Be6 6. f3 Bd6 7. Nc2 h5 8. Nf2
Nge7 9. O-O Qd7 10. d3 f6 11. a3 g5 12. e4 g4 13. exd5 Nxd5 14. Ne4 Be7 15. b4
gxf3 16. Bxf3 Bf7 17. c4 Nc7 18. bxc5 Nd4 19. Be3 Nxf3+ 20. Qxf3 O-O-O 21. Rab1
Ne6 22. Nb4 Nd4 23. Bxd4 Qxd4+ 24. Kh1 Rd7 25. c6 bxc6 26. Nxc6 Bc5 27. Nxd4
1-0